[Event "Kirov-ch"]
[Site "Kirov"]
[Date "2019.04.05"]
[Round "5"]
[White "Kaisin, Yrij"]
[Black "Salakhutdinov, Danil"]
[Result "1/2-1/2"]
[WhiteElo "1722"]
[BlackElo "1752"]
[PlyCount "86"]
[EventDate "2019.04.01"]
[EventType "swiss"]
[EventRounds "9"]
[EventCountry "RUS"]
[SourceTitle "CBM 190 Extra"]
[Source "ChessBase"]
[SourceDate "2019.07.15"]
[SourceVersion "1"]
[SourceVersionDate "2019.07.15"]
[SourceQuality "1"]

1. d4 d5 2. c4 c6 3. Nc3 dxc4 4. a4 Nf6 5. e4 Bg4 6. f3 Bh5 7. Bxc4 e6 8. Nge2 Be7 9. Qb3 Qb6 10. Be3 Qxb3 11. Bxb3 Nbd7 12. 0-0 0-0 13. Nf4 Bg6 14. Nxg6 hxg6 15. Rfd1 c5 16. d5 exd5 17. exd5 Bd6 18. a5 a6 19. Rac1 Rac8 20. Na4 Rfe8 21. Bf2 Re2 22. Bc4 Ree8 23. Re1 Rxe1+ 24. Rxe1 Ne5 25. Nb6 Rd8 26. b3 Ned7 27. Nxd7 Rxd7 28. Rd1 Kf8 29. g3 Ke8 30. Kg2 Kd8 31. Be1 Ng8 32. Bc3 f6 33. f4 Ne7 34. Kf3 Nf5 35. Rd3 Kc8 36. Kf2 Bc7 37. Kf3 Bd6 38. Kf2 Bc7 39. Kf3 Bd6 40. Bb2 Bc7 41. Bc3 Bd6 42. Rd2 Re7 43. Rd3 Rd7 1/2-1/2

[Event "Kirov-ch"]
[Site "Kirov"]
[Date "2019.04.04"]
[Round "4"]
[White "Popyvanov, Vyacheslav"]
[Black "Kaisin, Yrij"]
[Result "1-0"]
[WhiteElo "1594"]
[BlackElo "1722"]
[PlyCount "91"]
[EventDate "2019.04.01"]
[EventType "swiss"]
[EventRounds "9"]
[EventCountry "RUS"]
[SourceTitle "CBM 190 Extra"]
[Source "ChessBase"]
[SourceDate "2019.07.15"]
[SourceVersion "1"]
[SourceVersionDate "2019.07.15"]
[SourceQuality "1"]

1. d4 d5 2. c4 e6 3. Nf3 Nf6 4. g3 dxc4 5. Bg2 b5 6. Ne5 Nd5 7. Nc3 Bb7 8. Nxb5 a6 9. Na3 Bb4+ 10. Bd2 Bxd2+ 11. Qxd2 0-0 12. 0-0 Nd7 13. Nxd7 Qxd7 14. Nxc4 Rfd8 15. Rfd1 Rab8 16. Ne5 Qb5 17. Nd3 Nf6 18. Bxb7 Qxb7 19. e3 Ne4 20. Qc2 Ng5 21. Ne5 Nh3+ 22. Kf1 Qh1+ 23. Ke2 Qxh2 24. Rf1 Qg2 25. Nc6 Ng5 26. Rg1 Qf3+ 27. Kf1 Rxb2 28. Qxb2 Qxc6 29. Qb3 Qd7 30. Qb7 Rc8 31. f4 Nh3 32. Rh1 e5 33. Kg2 exf4 34. Rxh3 fxe3 35. Qe4 g6 36. Qxe3 Qd5+ 37. Kg1 Rb8 38. Re1 h5 39. Qf2 Rb4 40. Rh4 Ra4 41. Qf6 Qd7 42. Rhe4 Kh7 43. Re7 Qg4 44. Rxf7+ Kh6 45. Qg7+ Kg5 46. Re5+ 1-0

[Event "Kirov-ch"]
[Site "Kirov"]
[Date "2019.04.02"]
[Round "2"]
[White "Kostitsyn, Genrikh"]
[Black "Kaisin, Yrij"]
[Result "1-0"]
[WhiteElo "1798"]
[BlackElo "1722"]
[PlyCount "77"]
[EventDate "2019.04.01"]
[EventType "swiss"]
[EventRounds "9"]
[EventCountry "RUS"]
[SourceTitle "CBM 190 Extra"]
[Source "ChessBase"]
[SourceDate "2019.07.15"]
[SourceVersion "1"]
[SourceVersionDate "2019.07.15"]
[SourceQuality "1"]

1. e4 e5 2. Nf3 Nc6 3. Bc4 Nf6 4. Ng5 d5 5. exd5 Na5 6. Bb5+ c6 7. dxc6 bxc6 8. Be2 h6 9. Nh3 g5 10. d3 g4 11. Ng1 Bc5 12. Nc3 Qd4 13. Be3 Qb4 14. a3 Qb6 15. Na4 Bxe3 16. Nxb6 Bxb6 17. Qd2 Be6 18. Qc3 Bc7 19. b4 Nd5 20. Qd2 Nb7 21. h3 Nf4 22. hxg4 Nxg2+ 23. Kd1 Nf4 24. Bf3 Bd5 25. Bxd5 Nxd5 26. Rxh6 0-0-0 27. Kc1 e4 28. Rxc6 Kb8 29. Rxc7 Nxc7 30. d4 Nb5 31. Ne2 N7d6 32. Qf4 Ka8 33. Kb2 Rhe8 34. c3 e3 35. fxe3 Rxe3 36. Re1 Rde8 37. a4 Nc4+ 38. Kc1 Nbd6 39. Qf2 1-0

[Event "Kirov-ch FL"]
[Site "Kirov"]
[Date "2018.04.18"]
[Round "11"]
[White "Kaisin, Yrij"]
[Black "Dvinskikh, Leonid"]
[Result "0-1"]
[WhiteElo "1753"]
[BlackElo "1996"]
[PlyCount "84"]
[EventDate "2018.04.01"]
[EventType "tourn"]
[EventRounds "11"]
[EventCountry "RUS"]
[SourceTitle "EXT 2019"]
[Source "ChessBase"]
[SourceDate "2018.10.10"]
[SourceVersion "1"]
[SourceVersionDate "2018.10.10"]
[SourceQuality "1"]

1. d4 d5 2. c4 e6 3. Nc3 Nf6 4. Bg5 Nbd7 5. e3 h6 6. Bh4 Be7 7. Nf3 0-0 8. Rc1 dxc4 9. Bxc4 a6 10. Bd3 c5 11. a4 b6 12. 0-0 Bb7 13. Qe2 Nd5 14. Bxe7 Qxe7 15. dxc5 Nxc5 16. Nxd5 Bxd5 17. Ne5 Bxg2 18. Kxg2 Qg5+ 19. Qg4 Qxg4+ 20. Nxg4 Nxd3 21. Rb1 h5 22. Rfd1 Rfd8 23. h3 hxg4 24. hxg4 Rac8 25. Kg3 Rc4 26. b3 Rxg4+ 27. Kf3 Ne5+ 28. Ke2 Rxd1 29. Rxd1 Rb4 30. f4 Nc6 31. Rd3 Na5 32. Rd8+ Kh7 33. Ra8 Nxb3 34. Rxa6 Kg6 35. Ra7 Na5 36. Ra6 Kf5 37. Kf3 f6 38. Ke2 Ke4 39. Ra7 Rxa4 40. Rxg7 Ra2+ 41. Kd1 Nb3 42. Re7 Kd3 0-1

[Event "Kirov-ch FL"]
[Site "Kirov"]
[Date "2018.04.14"]
[Round "9"]
[White "Kaisin, Yrij"]
[Black "Malyshev, Evgeny2222"]
[Result "0-1"]
[WhiteElo "1753"]
[BlackElo "1988"]
[PlyCount "88"]
[EventDate "2018.04.01"]
[EventType "tourn"]
[EventRounds "11"]
[EventCountry "RUS"]
[SourceTitle "EXT 2019"]
[Source "ChessBase"]
[SourceDate "2018.10.10"]
[SourceVersion "1"]
[SourceVersionDate "2018.10.10"]
[SourceQuality "1"]

1. d4 Nf6 2. c4 e6 3. Nc3 Bb4 4. e3 0-0 5. Nge2 d5 6. a3 Be7 7. Ng3 Re8 8. cxd5 exd5 9. Be2 c6 10. Bd2 a5 11. 0-0 Nbd7 12. Rc1 g6 13. Bd3 Bd6 14. Qf3 Nf8 15. h3 Ne6 16. Qd1 Ng5 17. Nce2 Nge4 18. Nxe4 Nxe4 19. Bxe4 Rxe4 20. Ng3 Re8 21. Qf3 Qh4 22. Rce1 f5 23. Ne2 g5 24. g3 Qxh3 25. Qh1 Qxh1+ 26. Kxh1 Kg7 27. Kg2 Re6 28. Rh1 b6 29. Nc3 Ba6 30. Rh5 h6 31. f4 gxf4 32. gxf4 Rg6+ 33. Kf2 Bd3 34. Ne2 Rg8 35. Rg1 Bxe2 36. Rxg6+ Kxg6 37. Rh2 Bd3 38. Kg3 Kh7+ 39. Kf2 Be4 40. Be1 a4 41. Kf1 c5 42. dxc5 Bxc5 43. Bf2 Be7 44. Ke2 Rc8 0-1

[Event "Kirov-ch FL"]
[Site "Kirov"]
[Date "2018.04.11"]
[Round "7"]
[White "Kaisin, Yrij"]
[Black "Shustov, Dmitrij"]
[Result "0-1"]
[WhiteElo "1753"]
[BlackElo "1929"]
[PlyCount "95"]
[EventDate "2018.04.01"]
[EventType "tourn"]
[EventRounds "11"]
[EventCountry "RUS"]
[SourceTitle "EXT 2019"]
[Source "ChessBase"]
[SourceDate "2018.10.10"]
[SourceVersion "1"]
[SourceVersionDate "2018.10.10"]
[SourceQuality "1"]

1. d4 e6 2. c4 Nf6 3. Nc3 Bb4 4. e3 b6 5. Nf3 Bb7 6. Bd3 0-0 7. a3 Bxc3+ 8. bxc3 Ne4 9. 0-0 f5 10. Qc2 d6 11. Rb1 Nd7 12. Ne1 Ng5 13. f3 h6 14. Be2 Qe7 15. Nd3 e5 16. Nf2 e4 17. f4 Ne6 18. g4 fxg4 19. Bxg4 Nf6 20. Bh3 g5 21. Bxe6+ Qxe6 22. fxg5 hxg5 23. Kh1 Ng4 24. Qe2 Qf5 25. Kg2 Nxf2 26. Rxf2 Qh7 27. Rxf8+ Rxf8 28. Bd2 Bc8 29. Rg1 Bh3+ 30. Kh1 g4 31. Be1 Rf3 32. Bg3 Qf5 33. Rd1 Bf1 34. Qe1 Bxc4 35. Bf4 Rf1+ 36. Qxf1 Bxf1 37. Rxf1 Kf7 38. Kg2 Kg6 39. Bg3 Qb5 40. Rf4 Kg5 41. Bf2 Qb3 42. Kg3 Qxa3 43. Rxg4+ Kh5 44. Rh4+ Kg5 45. Rg4+ Kf5 46. Rf4+ Ke6 47. Rxe4+ Kd5 48. Rg4 0-1

[Event "Kirov-ch FL"]
[Site "Kirov"]
[Date "2018.04.04"]
[Round "3"]
[White "Kaisin, Yrij"]
[Black "Savinykh, Sergey"]
[Result "1/2-1/2"]
[WhiteElo "1753"]
[BlackElo "2096"]
[PlyCount "68"]
[EventDate "2018.04.01"]
[EventType "tourn"]
[EventRounds "11"]
[EventCountry "RUS"]
[SourceTitle "EXT 2019"]
[Source "ChessBase"]
[SourceDate "2018.10.10"]
[SourceVersion "1"]
[SourceVersionDate "2018.10.10"]
[SourceQuality "1"]

1. d4 Nf6 2. c4 g6 3. Nc3 Bg7 4. e4 0-0 5. h3 d6 6. Be3 e5 7. d5 a5 8. a4 Na6 9. Nf3 Nh5 10. g4 Nf4 11. Bxf4 exf4 12. Bd3 Nc5 13. Bc2 Re8 14. Kf1 Bxc3 15. bxc3 Nxe4 16. Qd4 f5 17. gxf5 Bxf5 18. Re1 Ng3+ 19. fxg3 Bxc2 20. Rxe8+ Qxe8 21. Qxf4 Bxa4 22. Kf2 Bd7 23. Re1 Qf8 24. Qg5 Re8 25. Rxe8 Qxe8 26. h4 Kg7 27. h5 h6 28. Qh4 Qf7 29. hxg6 Qxg6 30. Qd8 Qc2+ 31. Kg1 Qd1+ 32. Kf2 Qc2+ 33. Kg1 Qd1+ 34. Kf2 Qc2+ 1/2-1/2

[Event "Kirov Chudinovskikh Memoriail-A 4th"]
[Site "Kirov"]
[Date "2017.08.09"]
[Round "7"]
[White "Golovnin, Maxim"]
[Black "Kaisin, Yrij"]
[Result "1-0"]
[WhiteElo "1982"]
[BlackElo "1809"]
[PlyCount "121"]
[EventDate "2017.07.28"]
[EventType "swiss"]
[EventRounds "9"]
[EventCountry "RUS"]
[SourceTitle "EXT 2018"]
[Source "ChessBase"]
[SourceDate "2017.10.13"]
[SourceVersion "1"]
[SourceVersionDate "2017.10.13"]
[SourceQuality "1"]

1. d4 d5 2. Nf3 e6 3. c4 Nf6 4. Nc3 Nbd7 5. Bf4 c6 6. e3 Qa5 7. Qc2 dxc4 8. Bxc4 Nd5 9. Bg3 N7f6 10. 0-0 Be7 11. e4 Nxc3 12. bxc3 0-0 13. Bd3 h6 14. Bh4 Re8 15. Nd2 Qc7 16. e5 Nd5 17. Bxe7 Qxe7 18. Ne4 Qa3 19. Rfd1 b6 20. Nd6 Re7 21. Rac1 c5 22. Nc4 Qa6 23. Rb1 Qb7 24. dxc5 Qc7 25. cxb6 axb6 26. Qb3 Rb8 27. Nd6 Bd7 28. g3 Qxc3 29. Re1 Ra8 30. Qxc3 Nxc3 31. Rxb6 g6 32. Rc1 Nd5 33. Rb2 Ba4 34. Be4 Ra5 35. Rc8+ Kg7 36. Rbb8 Nf6 37. exf6+ Kxf6 38. Bf3 Rd7 39. Ne4+ Ke5 40. Rc5+ Rxc5 41. Nxc5 Ra7 42. Nxa4 Rxa4 43. Rb2 Kd4 44. Kg2 f5 45. Bd1 Ra3 46. Bb3 Ra6 47. Re2 e5 48. Rd2+ Kc3 49. Rd7 e4 50. Kf1 Rf6 51. Ke2 g5 52. Ke3 h5 53. h4 gxh4 54. gxh4 Rg6 55. Rc7+ Kb4 56. Rh7 Rd6 57. Rxh5 Rd3+ 58. Ke2 f4 59. Re5 Rd4 60. Bd5 Kc3 61. Bxe4 1-0

[Event "Kirov-ch"]
[Site "Kirov"]
[Date "2016.04.04"]
[Round "4"]
[White "Seidov, Georgij"]
[Black "Kaisin, Yrij"]
[Result "0-1"]
[WhiteElo "1877"]
[BlackElo "1895"]
[PlyCount "84"]
[EventDate "2016.04.01"]
[EventType "swiss"]
[EventRounds "9"]
[EventCountry "RUS"]
[SourceTitle "CBM 172 Extra"]
[Source "ChessBase"]
[SourceDate "2016.06.21"]
[SourceVersion "1"]
[SourceVersionDate "2016.06.21"]
[SourceQuality "1"]

1. d4 Nf6 2. c4 e6 3. Nf3 b6 4. Nc3 Bb7 5. g3 Be7 6. Bg2 0-0 7. 0-0 d6 8. Qc2 d5 9. cxd5 exd5 10. Bg5 c6 11. e3 Nbd7 12. Bh3 h6 13. Bxf6 Bxf6 14. Rac1 Re8 15. Rfe1 Nf8 16. b4 Ne6 17. Ne2 a5 18. a3 axb4 19. axb4 Qd6 20. Qb3 Ba6 21. Nc3 Bc4 22. Qb2 Nc7 23. e4 Be7 24. e5 Qxb4 25. Qxb4 Bxb4 26. Bd7 Red8 27. Bxc6 Ra3 28. Re3 Ne6 29. Bb7 Bxc3 30. Rexc3 Rxc3 31. Rxc3 Rb8 32. Bc6 b5 33. Bd7 b4 34. Rc1 b3 35. Nd2 b2 36. Rd1 Be2 37. Re1 Nxd4 38. Kg2 Bd3 39. e6 fxe6 40. Bxe6+ Nxe6 41. Rxe6 b1Q 42. Nxb1 Rxb1 0-1

[Event "Kirov Vyatka Cup-B 4th"]
[Site "Kirov"]
[Date "2015.08.26"]
[Round "6"]
[White "Kaisin, Yrij"]
[Black "Chigarev, Vyacheslav"]
[Result "1-0"]
[WhiteElo "1919"]
[BlackElo "1765"]
[PlyCount "121"]
[EventDate "2015.08.21"]
[EventType "tourn"]
[EventRounds "9"]
[EventCountry "RUS"]
[SourceTitle "EXT 2022"]
[Source "ChessBase"]
[SourceDate "2021.10.06"]
[SourceVersion "1"]
[SourceVersionDate "2021.10.06"]
[SourceQuality "1"]

1. d4 Nf6 2. c4 g6 3. Nc3 d5 4. cxd5 Nxd5 5. e4 Nxc3 6. bxc3 Bg7 7. Bc4 0-0 8. Ne2 Nd7 9. 0-0 Nf6 10. f3 c6 11. a4 Qa5 12. Ba3 Qc7 13. Bd3 Re8 14. c4 e5 15. d5 Bf8 16. Bc1 Bd7 17. Be3 Nh5 18. Qd2 Rad8 19. a5 c5 20. Rab1 Bc8 21. Bc2 Ng7 22. h3 Bd6 23. Bg5 Be7 24. Bxe7 Qxe7 25. Qe3 Qc7 26. Rb5 b6 27. Rfb1 Rd6 28. R5b2 f5 29. Qa3 Kf7 30. Nc3 Bd7 31. Ba4 Rb8 32. Bxd7 Rxd7 33. Nb5 Qd8 34. a6 Ne8 35. exf5 gxf5 36. Qe3 Qf6 37. Re2 Re7 38. Qd3 Rd8 39. g4 Nd6 40. Nxd6+ Rxd6 41. Rbe1 Kg7 42. Qc3 fxg4 43. fxg4 Rf7 44. Qxe5 Qxe5 45. Rxe5 Rdd7 46. Kg2 Kg6 47. Kg3 Rf6 48. Re7 Rf7 49. Rxd7 Rxd7 50. Re6+ Kg7 51. g5 Kf7 52. Kf4 Rc7 53. h4 Rd7 54. h5 Kg7 55. Rc6 Kf7 56. Kf5 Kg7 57. d6 Kf7 58. g6+ hxg6+ 59. hxg6+ Kf8 60. Kf6 Rd8 61. d7 1-0

[Event "Kirov Vyatka Cup-B 4th"]
[Site "Kirov"]
[Date "2015.08.23"]
[Round "3"]
[White "Shuljya, Alexander"]
[Black "Kaisin, Yrij"]
[Result "1/2-1/2"]
[WhiteElo "1946"]
[BlackElo "1919"]
[PlyCount "89"]
[EventDate "2015.08.21"]
[EventType "tourn"]
[EventRounds "9"]
[EventCountry "RUS"]
[SourceTitle "EXT 2022"]
[Source "ChessBase"]
[SourceDate "2021.10.06"]
[SourceVersion "1"]
[SourceVersionDate "2021.10.06"]
[SourceQuality "1"]

1. c4 c5 2. Nf3 Nf6 3. d4 cxd4 4. Nxd4 e6 5. a3 a6 6. Nc3 Nc6 7. e4 Qc7 8. Be3 Be7 9. Be2 0-0 10. 0-0 Rd8 11. Qd2 d5 12. exd5 exd5 13. cxd5 Nxd5 14. Nxd5 Rxd5 15. Bf3 Rd8 16. Rac1 Bd7 17. Rfd1 Be8 18. Qc2 Rac8 19. Qc4 Qe5 20. Nxc6 Rxd1+ 21. Rxd1 Bxc6 22. Bxc6 Rxc6 23. Qb3 Qc7 24. g3 h6 25. a4 Bf6 26. Bd4 b6 27. Bxf6 Rxf6 28. Qd5 g6 29. Qa8+ Kg7 30. Rd8 Rc6 31. Rg8+ Kf6 32. Rb8 Rc1+ 33. Kg2 Qc6+ 34. Qxc6+ Rxc6 35. Kf3 Ke5 36. Ke3 Kd5 37. Kd3 a5 38. f4 h5 39. Re8 f6 40. Rb8 Kc5 41. Kc3 Re6 42. Rc8+ Kd5 43. Kd3 Re1 44. Rf8 Re6 45. Rc8 1/2-1/2

[Event "Kirov Arakelian Memorial-B 5th"]
[Site "Kirov"]
[Date "2015.05.13"]
[Round "8"]
[White "Smetanin, Pavel"]
[Black "Kaisin, Yrij"]
[Result "0-1"]
[WhiteElo "1807"]
[BlackElo "1916"]
[PlyCount "50"]
[EventDate "2015.05.03"]
[EventType "tourn"]
[EventRounds "9"]
[EventCountry "RUS"]
[SourceTitle "EXT 2018"]
[Source "ChessBase"]
[SourceDate "2017.10.13"]
[SourceVersion "1"]
[SourceVersionDate "2017.10.13"]
[SourceQuality "1"]

1. e4 e5 2. Nc3 Nc6 3. f4 exf4 4. Nf3 g5 5. h3 Bg7 6. d4 d6 7. Bc4 h6 8. 0-0 Nge7 9. Ne2 f5 10. exf5 Bxf5 11. d5 Ne5 12. Bb5+ Bd7 13. Nfd4 c6 14. dxc6 bxc6 15. Ba4 Qc7 16. Kh1 0-0-0 17. c3 Rhf8 18. Qb3 Nf5 19. Ne6 Bxe6 20. Qxe6+ Qd7 21. Qb3 f3 22. gxf3 Nh4 23. Ng1 Nexf3 24. Rxf3 Rxf3 25. Qc4 Rxh3+ 0-1

[Event "Kirov Arakelian Memorial-B 5th"]
[Site "Kirov"]
[Date "2015.05.04"]
[Round "2"]
[White "Prutyanu, Daniil"]
[Black "Kaisin, Yrij"]
[Result "0-1"]
[WhiteElo "1747"]
[BlackElo "1916"]
[PlyCount "97"]
[EventDate "2015.05.03"]
[EventType "tourn"]
[EventRounds "9"]
[EventCountry "RUS"]
[SourceTitle "EXT 2018"]
[Source "ChessBase"]
[SourceDate "2017.10.13"]
[SourceVersion "1"]
[SourceVersionDate "2017.10.13"]
[SourceQuality "1"]

1. e4 e5 2. Nf3 Nc6 3. d4 exd4 4. Nxd4 Bc5 5. Be3 Qf6 6. c3 Nge7 7. Nc2 d6 8. Bd4 Qg6 9. Nd2 0-0 10. Bxc5 dxc5 11. Ne3 Be6 12. Be2 Rad8 13. Qc2 a6 14. 0-0 f5 15. exf5 Nxf5 16. Nxf5 Bxf5 17. Qb3+ Kh8 18. Nf3 Be4 19. Kh1 Ne5 20. c4 Nxf3 21. Bxf3 Bxf3 22. gxf3 Qc6 23. Rad1 Rxd1 24. Rxd1 Rxf3 25. Rd8+ Rf8+ 26. Rd5 Rxf2 27. Kg1 Rf8 28. Qd3 Qf6 29. Qe2 b6 30. a3 Qg6+ 31. Kh1 h6 32. Rd3 Rf4 33. Rg3 Qc6+ 34. Kg1 Qd6 35. Rd3 Qg6+ 36. Rg3 Qb1+ 37. Kg2 Qe4+ 38. Qxe4 Rxe4 39. b3 Kg8 40. Rd3 Kf7 41. Kf3 Rd4 42. Re3 c6 43. a4 g5 44. Ke2 b5 45. Rc3 bxc4 46. bxc4 Kf6 47. a5 Ke5 48. Ke3 Rh4 49. Rc2 0-1

[Event "Kirov Shakhov Memorial-B 2nd"]
[Site "Kirov"]
[Date "2014.12.28"]
[Round "2"]
[White "Kaisin, Yrij"]
[Black "Oganov, Mikhail"]
[Result "1-0"]
[WhiteElo "1887"]
[BlackElo "1872"]
[PlyCount "41"]
[EventDate "2014.12.27"]
[EventType "swiss"]
[EventRounds "9"]
[EventCountry "RUS"]
[SourceTitle "CBM 164 Extra"]
[Source "ChessBase"]
[SourceDate "2015.03.02"]
[SourceVersion "1"]
[SourceVersionDate "2015.03.02"]
[SourceQuality "1"]

1. e4 e6 2. d4 d5 3. Nc3 Nf6 4. Bg5 Be7 5. Bxf6 Bxf6 6. e5 Be7 7. Qg4 g6 8. Bd3 c5 9. dxc5 Bxc5 10. Nf3 Qb6 11. 0-0 Qxb2 12. Nb5 Qb4 13. Qxb4 Bxb4 14. Nc7+ Kd7 15. Nxa8 Nc6 16. Bb5 Bc5 17. c4 a6 18. Ba4 b6 19. Rab1 Bb7 20. Nxb6+ Kc7 21. cxd5 1-0

[Event "Kirov Region-ch"]
[Site "Kirov"]
[Date "2014.10.16"]
[Round "7"]
[White "Kaisin, Yrij"]
[Black "Savinykh, Sergey"]
[Result "0-1"]
[WhiteElo "1930"]
[BlackElo "2147"]
[PlyCount "78"]
[EventDate "2014.10.10"]
[EventType "swiss"]
[EventRounds "9"]
[EventCountry "RUS"]
[SourceTitle "EXT 2018"]
[Source "ChessBase"]
[SourceDate "2017.10.13"]
[SourceVersion "1"]
[SourceVersionDate "2017.10.13"]
[SourceQuality "1"]

1. d4 Nf6 2. g3 g6 3. Bg2 Bg7 4. c4 0-0 5. Nc3 d6 6. Nf3 Nc6 7. e3 a6 8. 0-0 Rb8 9. Qe2 e5 10. dxe5 dxe5 11. Ng5 Bg4 12. f3 Bf5 13. Rd1 Qe7 14. e4 Bd7 15. Be3 Rfd8 16. Rac1 Nd4 17. Bxd4 exd4 18. Nd5 Nxd5 19. cxd5 Qxg5 20. f4 Qf6 21. e5 Qb6 22. Kh1 c5 23. b3 Rbc8 24. Be4 h5 25. Qd3 Bh6 26. Rc2 Bf5 27. Bxf5 gxf5 28. Qf3 Qg6 29. h3 Bf8 30. Rg1 Bg7 31. Kh2 b5 32. d6 c4 33. bxc4 bxc4 34. Rd1 d3 35. Rc3 Qe6 36. Rd2 f6 37. Qxh5 fxe5 38. g4 fxg4 39. f5 Qh6 0-1

[Event "Kirov Region-ch"]
[Site "Kirov"]
[Date "2014.10.11"]
[Round "2"]
[White "Kolomiets, Vladimir"]
[Black "Kaisin, Yrij"]
[Result "1-0"]
[WhiteElo "2036"]
[BlackElo "1930"]
[PlyCount "65"]
[EventDate "2014.10.10"]
[EventType "swiss"]
[EventRounds "9"]
[EventCountry "RUS"]
[SourceTitle "EXT 2018"]
[Source "ChessBase"]
[SourceDate "2017.10.13"]
[SourceVersion "1"]
[SourceVersionDate "2017.10.13"]
[SourceQuality "1"]

1. d4 d5 2. Nc3 e6 3. e4 dxe4 4. Nxe4 Nf6 5. Bg5 Be7 6. Bxf6 Bxf6 7. Nf3 0-0 8. Qd2 b6 9. 0-0-0 Bb7 10. Qf4 Nd7 11. Bd3 Rc8 12. Ne5 Be7 13. h4 Bxe4 14. Qxe4 Nf6 15. Qe2 Nd5 16. g3 c5 17. dxc5 Rxc5 18. Kb1 Qc7 19. f4 Rd8 20. Bxh7+ Kf8 21. Be4 Nf6 22. Rxd8+ Bxd8 23. Bf3 Nd5 24. Rd1 Be7 25. c4 Nb4 26. a3 Na6 27. Rd7 Qc8 28. Rxa7 Nc7 29. Qd3 Kg8 30. Nd7 g6 31. Nxb6 Qd8 32. Qxd8+ Bxd8 33. b4 1-0

[Event "Kirov Chudinovskikh Memorial-B 1st"]
[Site "Kirov"]
[Date "2014.06.30"]
[Round "6"]
[White "Smetanin, Pavel"]
[Black "Kaisin, Yrij"]
[Result "0-1"]
[WhiteElo "2083"]
[BlackElo "1840"]
[PlyCount "120"]
[EventDate "2014.06.26"]
[EventType "tourn"]
[EventRounds "7"]
[EventCountry "RUS"]
[SourceTitle "EXT 2015"]
[Source "ChessBase"]
[SourceDate "2014.11.20"]
[SourceVersion "1"]
[SourceVersionDate "2014.11.20"]
[SourceQuality "1"]

1. e4 c5 2. Nc3 Nc6 3. f4 d6 4. Nf3 g6 5. Bb5 Bg7 6. 0-0 a6 7. Bxc6+ bxc6 8. Qe1 e6 9. Qg3 Nf6 10. d3 Nh5 11. Qh3 e5 12. f5 Nf4 13. Qg4 Nh5 14. Bg5 f6 15. Bd2 Qe7 16. Nh4 Qf7 17. Qe2 g5 18. Nf3 Nf4 19. Qf2 h5 20. Bxf4 gxf4 21. Nh4 Rg8 22. Ng6 c4 23. Qh4 cxd3 24. cxd3 Rb8 25. Rab1 d5 26. a3 Bf8 27. Qxh5 Bc5+ 28. Kh1 d4 29. Na4 Bd6 30. Rfc1 Bd7 31. b4 Kd8 32. Rb2 a5 33. Nc5 Bxc5 34. Rxc5 axb4 35. Qd1 b3 36. Qd2 Be8 37. Nh4 Qa7 38. Rc1 Qxa3 39. Rcb1 Bf7 40. Nf3 Kd7 41. Qe1 Rg4 42. h3 Rg3 43. Nh2 Rxd3 44. Qh4 Qe7 45. Ng4 Rc3 46. Nxf6+ Kd6 47. Qh6 Kc7 48. Ng4 Re8 49. f6 Qd7 50. Qg5 Qe6 51. Nh6 Rg3 52. Ng4 c5 53. Rc1 Kd6 54. Qf5 Qxf5 55. exf5 c4 56. Nh6 Bd5 57. f7 Rf8 58. f6 c3 59. Re2 Ke6 60. Ng4 e4 0-1